000 00602nam a2200217Ia 4500
003 OSt
005 20220926015127.0
006 a|||||r|||| 00| 0
007 ta
008 220923b |||||||| |||| 00| 0 eng d
037 _cGeneral Book
040 _aRTL
_cRTL
_beng
041 _2eng
_aeng
082 _aY2.41.N4, H9/TD
100 _aLevy Marion J
_9134105
245 0 _aFamily revolution in modern China
260 _aNew York
_bOctagon books
_c1949
300 _axvi,390p.
_ccm.
942 _hY2.41.N4, H9/TD
_cGB
_2CC
999 _c630612
_d630612